000 00361pam a2200157a 44500
008 230515b1998 xxu||||| |||| 00| 0 eng d
020 _aNULL
041 _aENGLISH
082 _aN.D.
100 _aW.A.J. Chapman
245 _aWorkshop Technology Vol- II
250 _a0
260 _aNULL
_bViva Book Printed Ltd.
_c1998
300 _a399
650 _aNULL
999 _c579778
_d579778